15 krajów z aktywną karą śmierci - Statystyki

Ogólne statystyki
  • Ten quiz został rozwiązany 708 razy
  • Średni wynik to 8 z 15
Statystyki odpowiedzi
Ilość wykonanych egzekucji Kraj % Poprawnych
20+ Stany Zjednoczone
90%
1000+ Chiny
86%
560+ Iran
72%
90+ Irak
69%
4 Białoruś
66%
150+ Arabia Saudyjska
64%
3 Japonia
60%
40+ Egipt
58%
80+ Pakistan
56%
6 Afganistan
51%
4 Indonezja
43%
14+ Somalia
32%
10 Bangladesz
27%
9 Malezja
27%
4 Singapur
22%
Nie znaleziono quizów pasujących do podanych kryteriów
Rozkład punktacji
Procent ludzi z każdym wynikiem
Percentyl według liczby udzielonych odpowiedzi
Twoja historia wyników
Nie rozwiązałeś tego quizu